000 00669nam a2200253Ia 4500
003 OSt
005 20221006144022.0
006 a|||||r|||| 00| 0
007 ta
008 221006b |||||||| |||| 00| 0 eng d
020 _c
_10.50
024 _a10,652
037 _cTextual
040 _aEASL
_cEASL
_beng
041 _2eng
_aeng
082 _aW691xM93:g, L4
100 _aCHIOU C L
_9650754
245 0 _aMaoism in action
_b The cultural revolution
260 _aSt.
_bLucia University of Queensland Press
_c1974
300 _a176p.
_ccm.
490 _v CEL
942 _hW691xM93:g, L4
_cTEXL
_2CC
999 _c1078738
_d1078738